| 000 | 01475nam a22003017a 4500 | ||
|---|---|---|---|
| 005 | 20080918163843.0 | ||
| 008 | 080918t xxu||||| |||| 00| 0 hin d | ||
| 010 | _aHIN-92637 | ||
| 020 |
_a9788180971440 _c150.00 |
||
| 035 | _aHN-64983 | ||
| 037 | _bDBAD / PUB | ||
| 040 |
_aDPL _bHN |
||
| 082 | _a821 | ||
| 100 |
_9747 _aकन्हैया सिंह |
||
| 245 |
_aमहाकवि पं. रामचरित उपाध्यायः _cकन्हैया सिंह _bकाव्यसंग्रह- राष्ट्रभारती के साथ / |
||
| 260 |
_aइलाहाबाद _bसाहित्य संगम _c2010 |
||
| 270 |
_aनया 100, लूकरगंज _bइलाहाबाद |
||
| 300 |
_a135पृ. _c22सेमी (सजिल्द) |
||
| 650 |
_9697 _aहिन्दी कविता |
||
| 650 |
_9698 _aHindi Poetry |
||
| 700 | _927881 | ||
| 700 | _927882 | ||
| 700 | _927883 | ||
| 942 |
_2ddc _cHN _mकन्हैया _h821 |
||
| 999 |
_c52235 _d52235 |
||